Les domestiques dans les romans d'Agatha Christie - Les femmes - Statistiques

Statistiques générales
  • Ce quiz a été pris 4 fois
  • Le résultat moyen est 27 sur 61
Statistiques - réponses
Réponse % Correct
La mystérieuse affaire de style Femme de chambre (prénom) A**ie Annie
100%
Cinq petits cochons Gouvernante C*c*l** W*ll**ms Cecilia Williams
100%
L'affaire Protheroe Aide-cuisinière (prénom) Gl*dd** Gladdie
100%
Un cadavre dans la bibliothèque Bonne (prénom) M*r* Mary
100%
Le miroir se brisa Aide à domicile Miss Kn*ght Miss Knight
100%
Témoin muet Gouvernante Miss L*ws*n Miss Lawson
100%
Le Vallon Femme de chambre Miss S*mm*ns Miss Simmons
100%
L'heure zéro Femme de chambre Mme B*rr*tt Mme Barrett
100%
La dernière énigme Cuisinière Mme C*ck*r Mme Cocker
100%
L'affaire Protheroe Gardienne Mme *i**o** Mme Simmons
100%
Le chat et les pigeons Cuisinière Mrs G*bb*ns Mrs Gibbons
100%
L'affaire Protheroe Bonne (prénom) R*s* Rose
100%
N ou M ? Femme de chambre (prénom) B**tr*c* Béatrice
75%
Le cheval pâle Cuisinière (prénom) B*ll* Bella
75%
La maison du péril Femme de ménage (prénom) E**e* Ellen
75%
Le couteau sur la nuque Servante (prénom) *ll*s Ellis
75%
Le flux et le reflux Femme de chambre (prénom) Gl*d*s Gladys
75%
Une poignée de seigle Femme de ménage Gl*d*s M*rt*n Gladys Martin
75%
Pourquoi pas Evans ? Ancienne femme de ménage Gl*d*s R*b*rts Gladys Roberts
75%
La maison biscornue Nourrice J*n*t R*w* Janet Rowe
75%
Le crime de l'Orient express Gouvernante M*r* D*b*nh*m Mary Debenham
75%
L'affaire Protheroe Bonne M*r* H*lls Mary Hills
75%
Les indiscrétions d'Hercule Poirot Femme de charge Mme J*cks Mme Jacks
75%
L'heure zéro Femme de chambre Mme Sp*c*r Mme Spicer
75%
Pourquoi pas Evans ? Ancienne cuisinière R*s* Pr*tt Rose Pratt
75%
La plume empoisonnée Femme de chambre *gn*s W*dd*ll Agnes Woddell
50%
Le miroir se brisa Femme de ménage Ch*rr* B*k*r Cherry Baker
50%
La mystérieuse affaire de style Femme de chambre (prénom) D*rc*s Dorcas
50%
Le crime du golf Servante *éo*ie Ou*a** Léonie Oulard
50%
La mort dans les nuages Femme de chambre (prénom) M*d*l**n* Madeleine
50%
Pension Vanilos Cuisinière (prénom) M*r** Maria
50%
Les indiscrétions d'Hercule Poirot Cuisinière (prénom) M*rj*r** Marjorie
50%
Une poignée de seigle Gouvernante M*r* D*v* Mary Dove
50%
Le Vallon Fille de cuisine D*r*s *mm*tt Doris Emmott
25%
Une poignée de seigle Femme de chambre E**e* C*rt*s Ellen Curtis
25%
Mort sur le Nil Femme de chambre *oui*e *ou**e* Louise Bourget
25%
Le Vallon Cuisinière Mme M*dw** Mme Medway
25%
Le train bleu Femme de chambre A*a *éa**i* *a*o* *Ii****o* Ada Béatrix Mason Kinghton
0%
Un, deux, trois Femme de chambre A**è* **e***e* Agnès Fletcher
0%
Un meurtre est-il facile ? Femme de chambre A*y *i**s Amy Gibbs
0%
Le crime du golf Servente D*n*s* **l*rd Denise Oulard
0%
La dernière énigme Ancienne cuisinière E*i** *a*e** Edith Pagett
0%
Le flux et le reflux Femme de chambre Ei*ee* *o**i*a* Eileen Corrigan
0%
Le meurtre de Roger Ackroyd Gouvernante E*i*a*e** *u**e** Elizabeth Russell
0%
La plume empoisonnée Gouvernante E**ie *o**a** Elsie Holland
0%
Je ne suis pas coupable Gouvernante E**a *i**o* Emma Bishop
0%
Dix petits nègres (Ils étaient dix) Domestique E**e* *o*e** Ethel Rogers
0%
La mystérieuse affaire de style Dame de compagnie E*e*y* *o*a** Evelyn Howard
0%
Le crime du golf Servante Fr*nç**s* *rr*ch*t Françoise Arrichet
0%
Le crime de l'Orient express Gouvernante *i**e*a**e ****i** Hildegarde Schmidt
0%
L'heure zéro Dame de compagnie *a*y A**i* Mary Aldin
0%
Les indiscrétions d'Hercule Poirot Dame de compagnie Miss *i****I** Miss Gilchrist
0%
Une mémoire d'éléphant Ancienne gouvernante Mlle R**s*ll* Mlle Rouselle
0%
L'heure zéro Femme de chambre Mme *e***a* Mme Bentham
0%
Une poignée de seigle Cuisinière Mme **u** Mme Crump
0%
Une mémoire d'éléphant Ancienne nourrice Mme M*tch*m Mme Matcham
0%
Une mémoire d'éléphant Ancienne gouvernante Mme M**r*t Mme Maurat
0%
Une mémoire d'éléphant Ancienne femme de ménage Mme R*s*nt*ll* Mme Rosentelle
0%
La fête du potiron Fille au pair O**a *e*i*ov Olga Seminov
0%
Un meurtre sera commis le... Jardinière Ph*l*pp* H**m*s Philippa Haymes
0%
Le meurtre de Roger Ackroyd Femme de chambre U**u*a *ou**e Ursula Bourne
0%
Aucun quiz correspondant
Distribution des résultats
% des personnes avec chaque résultat
Percentile par nombre de réponses
Votre historique - résultats
Vous n’avez pas pris ce quiz